[Event "Omsk Summer op"]
[Site "Omsk"]
[Date "2013.06.09"]
[Round "2"]
[White "Vasiljev, Artem"]
[Black "Rubtsov, Alexander"]
[Result "1-0"]
[WhiteElo "1713"]
[BlackElo "2343"]
[PlyCount "43"]
[EventDate "2013.06.08"]
[EventType "swiss"]
[EventRounds "9"]
[EventCountry "RUS"]
[SourceTitle "EXT 2014"]
[Source "ChessBase"]
[SourceDate "2013.11.20"]
[SourceVersion "1"]
[SourceVersionDate "2013.11.20"]
[SourceQuality "1"]

1. e4 Nf6 2. e5 Nd5 3. Bc4 Nb6 4. Bb3 c5 5. c3 c4 6. Bc2 Qc7 7. Qe2 e6 8. d4 cxd3 9. Bxd3 Nc6 10. Nf3 Nd5 11. 0-0 d6 12. exd6 Bxd6 13. g3 a6 14. Nbd2 b6 15. Nc4 Bc5 16. Nce5 Bb7 17. Bd2 b5 18. Rad1 Nce7 19. Ng5 f6 20. Nxe6 Qxe5 21. Qxe5 fxe5 22. Nxc5 1-0

[Event "Omsk-ch"]
[Site "Omsk"]
[Date "2013.02.13"]
[Round "5"]
[White "Rubtsov, Alexander"]
[Black "Vasiljev, Artem"]
[Result "0-1"]
[WhiteElo "2343"]
[BlackElo "1713"]
[PlyCount "60"]
[EventDate "2013.02.09"]
[EventType "swiss"]
[EventRounds "9"]
[EventCountry "RUS"]
[SourceTitle "CBM 153 Extra"]
[Source "ChessBase"]
[SourceDate "2013.04.22"]
[SourceVersion "1"]
[SourceVersionDate "2013.04.22"]
[SourceQuality "1"]

1. d4 Nf6 2. c4 g6 3. Nc3 d5 4. Nf3 Bg7 5. Qc2 Bf5 6. Qb3 dxc4 7. Qxb7 Nbd7 8. e4 Rb8 9. Qxa7 Nxe4 10. Bxc4 0-0 11. Nd5 c5 12. 0-0 e6 13. Ne3 cxd4 14. Nxd4 Nb6 15. Ndxf5 exf5 16. Rd1 Qh4 17. g3 Qh5 18. Rb1 Nxc4 19. g4 fxg4 20. Nxc4 g3 21. Bf4 Qxh2+ 22. Kf1 g2+ 23. Ke2 Qxf4 24. Qe3 Qg4+ 25. f3 Ng3+ 26. Kf2 Nh1+ 27. Kg1 Qxc4 28. Kxg2 Rbe8 29. Qg1 Re2+ 30. Kxh1 Qh4+ 0-1

[Event "Omsk-ch"]
[Site "Omsk"]
[Date "2013.02.11"]
[Round "3"]
[White "Chagasov, Oleg"]
[Black "Rubtsov, Alexander"]
[Result "1-0"]
[WhiteElo "1846"]
[BlackElo "2343"]
[PlyCount "34"]
[EventDate "2013.02.09"]
[EventType "swiss"]
[EventRounds "9"]
[EventCountry "RUS"]
[SourceTitle "CBM 153 Extra"]
[Source "ChessBase"]
[SourceDate "2013.04.22"]
[SourceVersion "1"]
[SourceVersionDate "2013.04.22"]
[SourceQuality "1"]

1. e4 c5 2. Nf3 Nc6 3. Bb5 Nd4 4. Nxd4 cxd4 5. 0-0 e5 6. d3 h6 7. f4 Bd6 8. Qg4 g6 9. fxe5 Bxe5 10. Bf4 Qe7 11. Nd2 Nf6 12. Qh4 Bxf4 13. Qxf4 Nh5 14. Qf2 0-0 15. Qxd4 Qg5 16. Qb4 d5 17. Qb3 Qxd2 1-0

[Event "Omsk op"]
[Site "Omsk"]
[Date "2012.02.11"]
[Round "9"]
[White "Vasiljev, Artem"]
[Black "Rubtsov, Alexander"]
[Result "1-0"]
[WhiteElo "1778"]
[BlackElo "2343"]
[PlyCount "49"]
[EventDate "2012.01.29"]
[EventType "swiss"]
[EventRounds "9"]
[EventCountry "RUS"]
[SourceTitle "EXT 2022"]
[Source "ChessBase"]
[SourceDate "2021.10.06"]
[SourceVersion "1"]
[SourceVersionDate "2021.10.06"]
[SourceQuality "1"]

1. d4 e6 2. c4 Nf6 3. a3 h6 4. Nc3 Nc6 5. e4 b6 6. g3 Bb7 7. Bg2 Na5 8. b3 d5 9. e5 Ne4 10. Nxe4 dxe4 11. Be3 Be7 12. Qc2 f5 13. exf6 Bxf6 14. Bxe4 Bxd4 15. Rd1 c5 16. b4 Bxe4 17. Qxe4 Nxc4 18. Qxe6+ Qe7 19. Qxc4 Bxe3 20. fxe3 Qxe3+ 21. Qe2 Qxe2+ 22. Nxe2 0-0 23. Rf1 Rac8 24. Rxf8+ Kxf8 25. Rd7 1-0

[Event "Peterhof op 08"]
[Site "Peterhof"]
[Date "2009.08.09"]
[Round "7"]
[White "Sarana, Alexey"]
[Black "Rubtsov, Alexander"]
[Result "0-1"]
[WhiteElo "1582"]
[BlackElo "2343"]
[PlyCount "122"]
[EventDate "2009.08.03"]
[EventType "swiss"]
[EventRounds "9"]
[EventCountry "RUS"]
[SourceTitle "EXT 2010"]
[Source "ChessBase"]
[SourceDate "2010.11.25"]
[SourceVersion "1"]
[SourceVersionDate "2010.11.25"]
[SourceQuality "1"]

1. e4 d5 2. exd5 Nf6 3. d4 Nxd5 4. c4 Nb6 5. Nf3 g6 6. Nc3 Bg7 7. Bf4 0-0 8. Be5 Bh6 9. Be2 a6 10. 0-0 Nc6 11. Bg3 Bg7 12. d5 Na5 13. Nd2 e6 14. Qc2 exd5 15. cxd5 Nxd5 16. Nxd5 Qxd5 17. Bxc7 Bf5 18. Bf3 Qxf3 19. Qa4 Qc6 20. Qxa5 Bxb2 21. Rad1 Bc3 22. Qb6 Qxb6 23. Bxb6 Bd3 24. Rfe1 Bc2 25. Nb1 Bxe1 26. Rxe1 Bxb1 27. Rxb1 Rfe8 28. a4 Rac8 29. a5 Re5 30. g3 Rb5 31. Rd1 Rxb6 32. axb6 Rc6 33. Rb1 Kf8 34. Kf1 Ke7 35. Ke2 Kd6 36. Kd3 Kc5 37. Ke4 Rxb6 38. Rc1+ Kd6 39. Rd1+ Ke6 40. Rd2 Rd6 41. Rb2 b5 42. Ra2 b4 43. Ra4 Rb6 44. Kd4 b3 45. Ra1 a5 46. Kc3 a4 47. Kb2 Ra6 48. Ka3 Ra7 49. f3 Kd5 50. Rd1+ Kc4 51. Rd6 Kc3 52. f4 Rb7 53. Rc6+ Kd4 54. Rc1 Kd3 55. Rb1 Kc2 56. Rb2+ Kc3 57. h3 Rd7 58. Rb1 Rd2 59. Ra1 Kc2 60. Rf1 b2 61. Ka2 a3 0-1

[Event "Ukhta"]
[Site "Ukhta"]
[Date "2009.04.07"]
[Round "8"]
[White "Smirnov, Igor A"]
[Black "Rubtsov, Alexander"]
[Result "1/2-1/2"]
[WhiteElo "2022"]
[BlackElo "1990"]
[PlyCount "58"]
[EventDate "2009.04.02"]
[EventType "tourn"]
[EventRounds "11"]
[EventCountry "RUS"]
[SourceTitle "EXT 2012"]
[Source "ChessBase"]
[SourceDate "2011.11.24"]
[SourceVersion "1"]
[SourceVersionDate "2011.11.24"]
[SourceQuality "1"]

1. e4 d5 2. exd5 Nf6 3. Nf3 Bg4 4. h3 Bxf3 5. Qxf3 Qxd5 6. Be2 Nc6 7. Qxd5 Nxd5 8. d3 0-0-0 9. Bd2 Nd4 10. Bd1 e5 11. 0-0 f5 12. a3 Be7 13. Nc3 g5 14. Nxd5 Rxd5 15. Bc3 h5 16. Re1 Bf6 17. Bf3 Nxf3+ 18. gxf3 Rg8 19. Kg2 Kd7 20. Re2 f4 21. Rh1 Ke6 22. Re4 Kf5 23. a4 c5 24. Kf1 Rc8 25. Ke2 Bd8 26. Rg1 Rc6 27. b3 Ra6 28. Ra1 Ba5 29. Bb2 Re6 1/2-1/2

[Event "Ukhta"]
[Site "Ukhta"]
[Date "2009.04.04"]
[Round "4"]
[White "Rubtsov, Alexander"]
[Black "Uliashov, Dmitriy"]
[Result "1-0"]
[WhiteElo "1990"]
[BlackElo "2274"]
[PlyCount "57"]
[EventDate "2009.04.02"]
[EventType "tourn"]
[EventRounds "11"]
[EventCountry "RUS"]
[SourceTitle "EXT 2012"]
[Source "ChessBase"]
[SourceDate "2011.11.24"]
[SourceVersion "1"]
[SourceVersionDate "2011.11.24"]
[SourceQuality "1"]

1. d4 d5 2. c4 c6 3. Nc3 Nf6 4. e3 a6 5. cxd5 cxd5 6. Bd3 Nc6 7. Nf3 Bg4 8. 0-0 e5 9. dxe5 Nxe5 10. Be2 Bxf3 11. Bxf3 Nxf3+ 12. Qxf3 Bb4 13. Rd1 Bxc3 14. bxc3 Qa5 15. Bb2 Qb6 16. Rab1 0-0-0 17. Rdc1 Qc6 18. c4 Kb8 19. Bd4 Ka8 20. Rb6 Qc7 21. Rcb1 Rc8 22. c5 Qd7 23. Rxb7 Qxb7 24. Rxb7 Kxb7 25. Bxf6 gxf6 26. Qxd5+ Rc6 27. Qxf7+ Kb8 28. g3 Rd8 29. h4 1-0

[Event "Ukhta"]
[Site "Ukhta"]
[Date "2009.04.03"]
[Round "3"]
[White "Volkov, Alexander2"]
[Black "Rubtsov, Alexander"]
[Result "1/2-1/2"]
[WhiteElo "2106"]
[BlackElo "1990"]
[PlyCount "84"]
[EventDate "2009.04.02"]
[EventType "tourn"]
[EventRounds "11"]
[EventCountry "RUS"]
[SourceTitle "EXT 2012"]
[Source "ChessBase"]
[SourceDate "2011.11.24"]
[SourceVersion "1"]
[SourceVersionDate "2011.11.24"]
[SourceQuality "1"]

1. d4 Nf6 2. c4 e5 3. dxe5 Ng4 4. Nf3 d6 5. exd6 Bxd6 6. Nc3 0-0 7. h3 Ne5 8. e3 Nbc6 9. Be2 Nxf3+ 10. Bxf3 Ne5 11. Be2 Qg5 12. g4 Qh4 13. Ne4 Rd8 14. Qb3 Bxg4 15. Nxd6 Rxd6 16. Qxb7 Rad8 17. hxg4 Qf6 18. Qe4 Nd3+ 19. Bxd3 Rxd3 20. Qxh7+ Kf8 21. Qe4 Rd1+ 22. Ke2 Rxh1 23. Qxh1 Qd6 24. Qd5 Qe7 25. Qa5 Qd7 26. f3 Qd1+ 27. Kf2 Qc2+ 28. Kg3 Rd1 29. Qc3 Rg1+ 30. Kf4 Qh2+ 31. Ke4 Rd1 32. Qb4+ Kg8 33. Qb8+ Kh7 34. b3 Qc2+ 35. Kf4 g5+ 36. Kxg5 Qg6+ 37. Kf4 Qd6+ 38. Ke4 Qe6+ 39. Kf4 Qf6+ 40. Ke4 Qxa1 41. Qxc7 Qxc1 42. Qxf7+ Kh8 1/2-1/2

[Event "Nizhnij Novgorod Voroniatov Memor 4th"]
[Site "Nizhnij Novgorod"]
[Date "2007.06.11"]
[Round "?"]
[White "Marsak, Viktor D"]
[Black "Rubtsov, Alexander"]
[Result "1-0"]
[WhiteElo "2100"]
[BlackElo "2336"]
[PlyCount "49"]
[EventDate "2007.06.11"]
[EventType "swiss"]
[EventRounds "9"]
[EventCountry "RUS"]
[SourceTitle "EXT 2022"]
[Source "ChessBase"]
[SourceDate "2021.10.06"]
[SourceVersion "1"]
[SourceVersionDate "2021.10.06"]
[SourceQuality "1"]

1. d4 Nf6 2. c4 g6 3. Nc3 d5 4. cxd5 Nxd5 5. e4 Nxc3 6. bxc3 Bg7 7. Nf3 c5 8. Rb1 0-0 9. Be2 Nc6 10. d5 Ne5 11. Nxe5 Bxe5 12. Qd2 e6 13. f4 Bc7 14. 0-0 exd5 15. exd5 Ba5 16. Rb5 b6 17. f5 Bxf5 18. Rxf5 gxf5 19. Qd3 Qf6 20. Rb3 c4 21. Qg3+ Qg6 22. Bxc4 Qxg3 23. hxg3 Rac8 24. Bb5 Bxc3 25. Bc6 1-0

[Event "Nizhnij Novgorod Voroniatov Memor 4th"]
[Site "Nizhnij Novgorod"]
[Date "2007.06.11"]
[Round "?"]
[White "Obrezchikov, Mikhail"]
[Black "Rubtsov, Alexander"]
[Result "0-1"]
[WhiteElo "2030"]
[BlackElo "2336"]
[PlyCount "50"]
[EventDate "2007.06.11"]
[EventType "swiss"]
[EventRounds "9"]
[EventCountry "RUS"]
[SourceTitle "EXT 2022"]
[Source "ChessBase"]
[SourceDate "2021.10.06"]
[SourceVersion "1"]
[SourceVersionDate "2021.10.06"]
[SourceQuality "1"]

1. d4 Nf6 2. Nf3 g6 3. g3 Bg7 4. Bg2 d5 5. 0-0 0-0 6. Nbd2 c6 7. Ne5 Bf5 8. Re1 Nbd7 9. Nxd7 Qxd7 10. c3 Bh3 11. Bh1 Rfe8 12. e4 dxe4 13. Nxe4 Nxe4 14. Bxe4 Rad8 15. Bg5 h6 16. Be3 Bf5 17. Qc2 Bxe4 18. Qxe4 Qd5 19. Qxd5 cxd5 20. Bf4 e6 21. Re2 Rc8 22. Rae1 Rc6 23. g4 b5 24. a3 a5 25. Bd2 Ra8 0-1

[Event "Nizhnij Novgorod Voroniatov Memor 4th"]
[Site "Nizhnij Novgorod"]
[Date "2007.06.11"]
[Round "?"]
[White "Rubtsov, Alexander"]
[Black "Mandrikov, Sergey"]
[Result "1-0"]
[WhiteElo "2336"]
[BlackElo "2010"]
[PlyCount "49"]
[EventDate "2007.06.11"]
[EventType "swiss"]
[EventRounds "9"]
[EventCountry "RUS"]
[SourceTitle "EXT 2022"]
[Source "ChessBase"]
[SourceDate "2021.10.06"]
[SourceVersion "1"]
[SourceVersionDate "2021.10.06"]
[SourceQuality "1"]

1. d4 Nf6 2. Nf3 c5 3. c3 cxd4 4. cxd4 g6 5. Nc3 d5 6. Bf4 Nc6 7. e3 a6 8. Bd3 Bg7 9. h3 0-0 10. Rc1 h6 11. 0-0 Na5 12. Na4 Nc4 13. b3 Nd6 14. Qe2 Nfe4 15. Ne5 g5 16. Bh2 Bf5 17. Rc2 f6 18. Nf3 b5 19. Nc5 Nxc5 20. Bxf5 Nxf5 21. Rxc5 e6 22. Rfc1 Ne7 23. Qd2 Qe8 24. Rc7 Rf7 25. Qa5 1-0

[Event "Nizhnij Novgorod Voroniatov Memor 4th"]
[Site "Nizhnij Novgorod"]
[Date "2007.06.11"]
[Round "?"]
[White "Sidorov, Vasily M"]
[Black "Rubtsov, Alexander"]
[Result "0-1"]
[WhiteElo "2195"]
[BlackElo "2336"]
[PlyCount "50"]
[EventDate "2007.06.11"]
[EventType "swiss"]
[EventRounds "9"]
[EventCountry "RUS"]
[SourceTitle "EXT 2022"]
[Source "ChessBase"]
[SourceDate "2021.10.06"]
[SourceVersion "1"]
[SourceVersionDate "2021.10.06"]
[SourceQuality "1"]

1. d4 g6 2. e4 Bg7 3. c4 d6 4. Nc3 Nd7 5. Nf3 e5 6. Be2 Ne7 7. 0-0 0-0 8. Re1 h6 9. Bf1 c6 10. Be3 Qc7 11. Qc2 f5 12. dxe5 dxe5 13. exf5 gxf5 14. Rad1 Ng6 15. Bc1 Nf6 16. b3 e4 17. Nd4 Ng4 18. g3 Rd8 19. Nde2 N6e5 20. Bg2 Nd3 21. Rf1 Be6 22. Nf4 Nxf4 23. Bxf4 Qa5 24. Ne2 Rxd1 25. Rxd1 Qc5 0-1

[Event "RUS-Cup"]
[Site "Bor"]
[Date "2000.??.??"]
[Round "1"]
[White "Rubtsov, Alexander"]
[Black "Popov, Valerij"]
[Result "0-1"]
[WhiteElo "2275"]
[BlackElo "2534"]
[PlyCount "24"]
[EventDate "2000.06.??"]
[EventType "swiss"]
[EventRounds "9"]
[EventCountry "RUS"]
[SourceTitle "EXT 2001"]
[Source "ChessBase"]
[SourceDate "2000.11.22"]
[SourceVersion "1"]
[SourceVersionDate "2000.11.22"]
[SourceQuality "1"]

1. d4 d5 2. c4 e6 3. Nf3 c6 4. Qc2 Nf6 5. g3 dxc4 6. Qxc4 b5 7. Qc2 Bb7 8. Bg2 Nbd7 9. Nc3 c5 10. 0-0 a6 11. Bg5 Rc8 12. a3 Bxf3 0-1